| 000 | 00551nam a2200193 u 4500 | ||
|---|---|---|---|
| 005 | 20240927063723.0 | ||
| 008 | 181120s1984 r 000 0 eng d | ||
| 035 | _aUPN01000227935 | ||
| 049 | _aC | ||
| 050 | 4 |
_aHQ1462 _bB7.3 |
|
| 245 | 0 | 0 | _aBreviario sociodemografico de la mujer. |
| 260 |
_aMéxico : _bCONAPO, _c1984. |
||
| 300 | _a51 p. | ||
| 650 | 4 |
_aMUJERES - _xHISTORIA Y CONDICION DE LA MUJER - _zMEXICO _96113 |
|
| 650 | 4 |
_aMUJERES - _vESTADISTICA _924652 |
|
| 650 | 0 |
_aDemografía _zMéxico _913253 |
|
| 905 | _aLibro | ||
| 999 |
_c200030 _d200030 |
||